000 01031nam a22002651i 4500
003 SA-RiAUC
005 20250710143356.0
008 250710s1900 ||| g 000 0 ara c
040 _aSA-JeALM
_bara
_cSA-RiAUC
_erda
082 0 4 _a248.2
090 _a248.2
_bا ع و
100 1 _aأعوشت، بكير بن سعيد
_eمؤلف.
245 1 0 _aدراسات إسلامية في الأصول الأباضية /
_cتأليف بكير بن سعيد أعوشت.
246 3 0 _aالأصول الأباضية
250 _aالطبعة الثانية.
264 1 _a[مكان النشر غير محدد] :
_b[الناشر غير محدد]،
_c1900
300 _a160 صفحة
_c20 سم.
336 _aنص
_btxt
_2rdacontent
_3كتاب
337 _aبدون وسيط
_bn
_2rdamedia
338 _aمجلد
_bnc
_2rdacarrier
650 7 _aالأباضية (فرقة إسلامية)
_2aucsh
650 7 _aالأباضية (فرقة إسلامية)
_xتاريخ
_2aucsh
942 _2ddc
_cBOOK
_n0
949 _aSA-JeALM
_d250710
_uosman123
_n1
999 _c9747
_d9747